01680njm a2200265Ia 4500001000600000003000900006005001700015008004100032040001300073040001300086100001100099100001800110100003800128245001600166250001100182260001100193260003800204300001700242300003000259500018400289505076700473511006701240650005201307700005501359L0371IT-RoPAU20220918181155.0131025s9999 xx 000 0 und d aIT-RoPAU cIT-RoPAU aAA.VV. eAutore musica gCodice autore musica SPICS: 12000 aJazz e Asia a1a ed. aMILANO bHACHETTE RUSCONIc2004 [1a Ed.:0] aCOMPACT DISC c72 minuti (Testo: 0 pag.) aQuesta antologia racchiude alcuni tra i più importanti esempi del fruttifero connubio tra due importanti tradizioni musicali, quella del ceppo Afroamericano e quella dell'Asia.  a A.I.R. (di C. Bley, New York tra 1968 e 1971, 3:59) - Zakir (Di J. Mclaughlin, Oslo dicembre 1986, 6:18) - Saptarshi (di R.A. Ramamani, Ludwigsburg febbraio 1983, 6:49) - Codona (di Cherry, Walcott e Vasconcelos, Ludwigsburg settembre 1978, 6:15) - Song For Everyone (di Shankar, Oslo settembre 1984, 6:20) - Vindonissa Intro (di P. Giger, Dubendorf tra 1995 e 2000, 2:02) - Moon Lake (di Cherry, Walcott, Abercrombie, Danielsson e Romao, Oslo febbraio 1977, 8:25) - Mane Na (di Prabha Atre, Oslo novembre 2000, 5:41) Mother of Light Persepolis (di Surman, Krog, Aurobindo e Surman, Oslo dicembre 1983, 7:01) - Saga (di J. Garbarek, Oslo maggio 1990, 5:26) - Sun Ship (di J. Coltrane, Kingston luglio 1999, 7:18) - Reasons (di Shankar, Ludwigsburg 1989, 5:29). aDon Cherry, J. Garbarek, C. Mariano, P. Giger, S. Abbuehl, ... aJAZZ [COMPACT DISC]eCodice MATERIA SPICS: 9949 aAA.VV.gCodice interprete SPICS: 12000eInterprete